| 000 | 00486nam a2200193Ia 4500 | ||
|---|---|---|---|
| 001 | 40211 | ||
| 005 | 20240114003330.0 | ||
| 007 | ta | ||
| 008 | 071008s g b000 u 465 u | ||
| 040 | _aCotton College,Assam | ||
| 041 | _a465 | ||
| 082 |
_a531 _bF 571 P |
||
| 100 | _aFitzpatrick, P M . | ||
| 245 | 0 |
_aPrinciples of Celetial Mechanics / _cP M Fitzpatrick. _hTextual Documents |
|
| 653 | _aPhysics | ||
| 942 |
_2ddc _cBK |
||
| 999 |
_c40182 _d40182 |
||